Il primo americano : Archeologia e preistoria del Nordamerica /
Guardat en:
| Autor principal: | |
|---|---|
| Altres autors: | |
| Format: | Llibre |
| Idioma: | italià |
| Publicat: |
Torino :
Einaudi,
stampa 1972
|
| Edició: | 2. ed |
| Col·lecció: | Saggi ;
500 |
| Matèries: | |
| Etiquetes: |
Sense etiquetes, Sigues el primer a etiquetar aquest registre!
|
MARC
| LEADER | 00000nam a22000007i 4500 | ||
|---|---|---|---|
| 001 | IT\ICCU\LIA\0515431 | ||
| 003 | ItRI | ||
| 005 | 20251118154529.0 | ||
| 008 | 060524s1972 it |||||| ||||| |||||c | ||
| 040 | |b ita |c Arcigay Viterbo | ||
| 041 | 7 | |a ita |2 ISO-639-2 | |
| 082 | |a 970.1 |2 21 | ||
| 100 | 1 | |a Ceram, C. W. |0 IT\ICCU\CFIV\016468 |4 aut | |
| 240 | 1 | 4 | |a Der Erste Amerikaner |9 Ceram, C. W. |
| 245 | 1 | 3 | |a Il primo americano : |b Archeologia e preistoria del Nordamerica / |c C. W. Ceram ; traduzione di Giuseppina Panzieri Saija. |
| 250 | |a 2. ed | ||
| 260 | |a Torino : |b Einaudi, |c stampa 1972 | ||
| 300 | |a XXIII, 360 p., [26] c. di tav. : |b ill. ; |c 22 cm. | ||
| 650 | 7 | |a Archeologia |x Stati Uniti d'America |2 scbi | |
| 650 | 7 | |a Indiani d'America |x Antichità |2 scbi | |
| 700 | 1 | |a Panzieri Saija, Giuseppina |0 IT\ICCU\TO0V\091439 |4 trl | |
| 830 | 0 | |a Saggi ; |v 500 |0 IT\ICCU\CFI\0000099 | |
| 942 | |2 ddc |c BK |n 0 | ||
| 952 | |0 0 |1 0 |2 ddc |4 0 |6 970_100000000000000_CER_PRI |7 0 |9 9916 |a VT |b VT |d 2025-11-18 |e Dono della Biblioteca Consorziale di Viterbo |i B439 |l 0 |o 970.1 CER PRI |p B439 |r 2025-11-18 15:46:09 |w 2025-11-18 |y BK |z Dono della Biblioteca Consorziale di Viterbo | ||
| 981 | 1 | |6 z01 |a i |b xxxe | |
| 982 | 1 | |6 z01 |a n | |
| 999 | |c 8266 |d 8266 | ||